000 00962cam a2200313 i 4500
001 21839178
003 OSt
005 20230621113424.0
008 201214s2019 ke a f000 0 eng
010 _a 2020336572
020 _a9789966194749
040 _aDLC
_beng
_cDLC
_erda
042 _apcc
_alcode
043 _af-ke---
050 0 0 _aDT433.522
_b.K356 2019
082 _a030.6762
_bKEN
245 0 0 _aKenya 2020 :
_bfacts and figures.
246 1 4 _aKenya :
_bfacts & figures
264 1 _aNairobi :
_bKenya Yearbook Editorial Board,
_c[2019]
300 _a81 pages :
_bcolor illustrations ;
_c22 x 11 cm
336 _atext
_btxt
_2rdacontent
337 _aunmediated
_bn
_2rdamedia
338 _avolume
_bnc
_2rdacarrier
651 0 _aKenya.
710 2 _aKenya Yearbook Editorial Board,
_eissuing body.
906 _a7
_bcbc
_corigode
_d3
_encip
_f20
_gy-gencatlg
942 _2ddc
_cBK
999 _c2111
_d2111